000 00749nam a22002177a 4500
999 _c15773
_d15773
003 MIRAKIL
005 20240325162048.0
008 240325b tu ||||| |||| 00| 0 tur d
020 _a9789751636478
040 _aTR-AnCHP
_cTR-AnCHP
041 _atur
082 _a419.99
_bG26u 2019
100 _aGarkavets, Aleksandr N..
245 1 0 _aUrumca sözlük /
_cAleksandr N. Garkavets ; çevirenler: İryna Logvynenko, Yuliia Romanenko
260 _aÇankaya, Ankara :
_bTürk Dil Kurumu Yayınları,
_c2019.
300 _a652 sayfa ;
_c25 cm
490 0 _aTürk Dil Kurumu Yayınları ;
_v1284.
650 0 _97880
_aUrumca sözlük
856 _zDijital Nüshası için Partimizin Kütüphane Sorumlusu ile iletişime geçiniz.
942 _2ddc
_cBKS